000 00831cam a2200193 4500
001 WB3737-18
008 011004n2001 000 0 eng u
035 _a(Sirsi) u115005
245 _aUS attacks stall house prices
260 _c2001
490 _aEstates Gazette
_v(0139) 29 September 2001, 44(1)
520 _aIn the aftermath of the US terror attacks, the UK residential investment market will stall house prices in 4Q 2001. Research from FPDSavills predicts zero growth for the final quarter. The forecast is backed by the Council of Mortgage Lenders who believe the housing boom could end sooner than expected.
590 _aWB
650 _aHOUSING MARKET
650 _aRESIDENTIAL INVESTMENT MARKET
650 _aHOUSE PRICES
690 _aPROPERTY-RESIDENTIAL PROPERTY-RESIDENTIAL PROPERTY MARKET
942 _n0
999 _c68486
_d68486